Vplyv zmeny cien na správanie sa zákazníkov diplomová práca

Uložené v:
Podrobná bibliografia
Hlavný autor: Popovičová, Simona
Korporativný autor: Podnikovohospodárska fakulta EU so sídlom v Košiciach. Katedra obchodného podnikania
Ďalší autori: Gontkovičová, Barbora, 1986-
Médium: Kniha
Jazyk:Slovak
Vydavateľské údaje: Košice 2016
Tagy: Pridať tag
Žiadne tagy, Buďte prvý, kto otaguje tento záznam!

MARC

LEADER 00000nbm a2200000 4500
001 0217593
005 20161219132035.3
041 0 |a slo 
044 |a SK 
245 1 0 |a Vplyv zmeny cien na správanie sa zákazníkov  |b diplomová práca  |c Simona Popovičová ; školiteľ: Barbora Gontkovičová 
264 1 |a Košice  |c 2016 
300 |a 74 s. 
100 1 |a Popovičová, Simona 
700 1 |a Gontkovičová, Barbora, 1986- 
710 2 |a Podnikovohospodárska fakulta EU so sídlom v Košiciach. Katedra obchodného podnikania